000 00813nam a22001937a 4500
003 UA-OsUOA
001 14642
007 ta
008 20031014b un ||||| |||| 00| 0 ukr d
100 _aГусаревич М. М.
700 _aДунас Я.
942 _cSA
040 _aUA-OsUOA
_cUA-OsUOA
_dUA-OsUOA
245 _aПріорітети спільної роботи :[Розмова з головою Демидів. район. ради М.Гусаревичем та головою райдержадміністрації Я.Дунасом]
_cМ., Дунас Я. Гусаревич М.; /Розмову вела С.Тубіна
300 _aС.2
955 _a0
773 0 _w0
_tВісті Рівненщини
_dРівне
_d2003
_g№83/8 жовт./
650 7 _aКраєзнавча робота
_2UDC
999 _c300806
_d300806